[Event "European Women-ch 2023"]
[Site "Petrovac"]
[Date "2023.03.26"]
[Round "8.23"]
[White "Gamal, Alaa"]
[Black "Saraci, Rinesa"]
[Result "1-0"]
[WhiteElo "1748"]
[BlackElo "1503"]
[Annotator "NA RC COMBH"]
[PlyCount "111"]
[EventDate "2023.03.15"]
[EventType "swiss"]
[EventCountry "MNE"]
[SourceTitle "playchess.com"]
[Source "ChessBase"]
[SourceQuality "1"]

1. d4 Nf6 2. c4 e6 3. a3 d5 4. Nc3 Be7 5. Nf3 O-O 6. e3 c6 7. Bd3 Nbd7 8. O-O Re8 9. e4 dxe4 10. Nxe4 h6 11. Ng3 c5 12. b3 cxd4 13. Nxd4 Nc5 14. Bc2 b6 15. b4 Ncd7 16. Qe2 Bb7 17. Bb2 a6 18. Rad1 Qc7 19. Rd2 Rac8 20. Bb3 Nf8 21. Rfd1 Ng6 22. f3 Red8 23. Qe3 Qf4 24. Qe1 Qc7 25. Qe3 Qf4 26. Qe2 Rd6 27. Bc2 Ne5 28. Ndf5 Rxd2 29. Nxe7+ Kf8 30. Rxd2 Nxc4 31. Rd4 Qc7 32. Rxc4 Qxc4 33. Nxc8 Qxc8 34. Bxf6 gxf6 35. Be4 Qc1+ 36. Kf2 Bc8 37. Qc2 Qxc2+ 38. Bxc2 b5 39. Ne4 Ke7 40. Nc5 Kd6 41. Be4 Kc7 42. f4 Kb6 43. Bh7 e5 44. Bg8 a5 45. Bxf7 axb4 46. axb4 Bf5 47. Ke3 Kc6 48. Ne4 Kd7 49. Bd5 exf4+ 50. Kxf4 Bg6 51. Nxf6+ Kd6 52. Bf3 Bf7 53. Ng4 h5 54. Nf6 h4 55. Ne4+ Kc7 56. Kg4 1-0

[Event "European Women-ch 2023"]
[Site "Petrovac"]
[Date "2023.03.26"]
[Round "8.24"]
[White "Shpanko, Nadiia"]
[Black "Gajcin, Marina"]
[Result "1/2-1/2"]
[WhiteElo "2164"]
[BlackElo "2215"]
[Annotator "TA"]
[PlyCount "69"]
[EventDate "2023.03.15"]
[EventType "swiss"]
[EventCountry "MNE"]
[SourceTitle "playchess.com"]
[Source "ChessBase"]
[SourceQuality "1"]

1. d4 Nf6 2. Nf3 g6 3. Bg5 Bg7 4. Nbd2 O-O 5. c3 d6 6. e4 c5 7. dxc5 dxc5 8. Be2 Nc6 9. Qc2 Qc7 10. O-O h6 11. Be3 b6 12. h3 Bb7 13. Rfd1 Rad8 14. a4 Nd7 15. Nb3 Nce5 16. Nfd2 g5 17. a5 Nf6 18. f3 Nh5 19. axb6 axb6 20. Bb5 Ng6 21. Nc4 Nhf4 22. Kh1 Bc8 23. Bxf4 Nxf4 24. Rxd8 Rxd8 25. Rd1 Rxd1+ 26. Qxd1 Be6 27. Nbd2 Qd8 28. Qe1 Nh5 29. Kg1 Nf4 30. Kh1 Qc8 31. Qf2 Qc7 32. Qe3 Qa7 33. Qe1 Qb8 34. Qf2 Qd8 35. Qe1 1/2-1/2

[Event "European Women-ch 2023"]
[Site "Petrovac"]
[Date "2023.03.26"]
[Round "8.24"]
[White "Popovic, Mateja"]
[Black "Goriachkina, Oksana"]
[Result "1/2-1/2"]
[WhiteElo "1832"]
[BlackElo "1759"]
[Annotator "NA RC COMBH"]
[PlyCount "74"]
[EventDate "2023.03.15"]
[EventType "swiss"]
[EventCountry "MNE"]
[SourceTitle "playchess.com"]
[Source "ChessBase"]
[SourceQuality "1"]

1. d4 d5 2. c4 e6 3. Nc3 c6 4. cxd5 exd5 5. Nf3 Nf6 6. Bf4 Bf5 7. e3 Qb6 8. Qb3 Qxb3 9. axb3 Nbd7 10. Be2 Be7 11. O-O O-O 12. Nd2 Rfd8 13. f3 Nf8 14. g4 Be6 15. Rfc1 h5 16. h3 hxg4 17. hxg4 N6d7 18. Bd3 Ng6 19. Bxg6 fxg6 20. Kg2 g5 21. Bg3 Nb8 22. Rh1 Na6 23. Na2 Bf6 24. Rac1 Rac8 25. Be5 c5 26. Kg3 Re8 27. Nc3 Bf7 28. Bxf6 gxf6 29. e4 cxd4 30. Nxd5 Bxd5 31. exd5 Nc5 32. Rh6 Kg7 33. Rch1 Rh8 34. Rxh8 Rxh8 35. Rxh8 Kxh8 36. Ne4 Nd7 37. Kf2 Kg7 1/2-1/2

[Event "European Women-ch 2023"]
[Site "Petrovac"]
[Date "2023.03.26"]
[Round "8.25"]
[White "Stefanova, Antoaneta"]
[Black "Golsta, Ramona"]
[Result "1-0"]
[WhiteElo "2435"]
[BlackElo "1760"]
[Annotator "TA"]
[PlyCount "89"]
[EventDate "2023.03.15"]
[EventType "swiss"]
[EventCountry "MNE"]
[SourceTitle "playchess.com"]
[Source "ChessBase"]
[SourceQuality "1"]

1. d4 d5 2. Nf3 Nf6 3. g3 e6 4. Bg2 Be7 5. O-O O-O 6. c4 c5 7. cxd5 exd5 8. dxc5 Bxc5 9. a3 Re8 10. b4 Bf8 11. Bb2 Nc6 12. Nc3 Bf5 13. Nd4 Bg4 14. h3 Bh5 15. Re1 Rc8 16. Rc1 a5 17. b5 Nxd4 18. Qxd4 Rc4 19. Qd3 Bg6 20. Qd2 d4 21. Na2 Rxc1 22. Rxc1 d3 23. exd3 Qxd3 24. Qxd3 Bxd3 25. Nc3 b6 26. Bc6 Re6 27. Rd1 Bg6 28. Rd8 Rd6 29. Rxd6 Bxd6 30. Na4 Ne4 31. Kg2 Nc5 32. Nxb6 Nd3 33. Nc4 Bc5 34. Bc3 a4 35. f4 f6 36. b6 Bf7 37. b7 Ba7 38. Nb6 Nc5 39. Nc8 Bb8 40. Bd4 Na6 41. Kf2 Bb3 42. Bb5 Nc7 43. Ba7 Nxb5 44. Bxb8 Bd5 45. Ne7+ 1-0

[Event "European Women-ch 2023"]
[Site "Petrovac"]
[Date "2023.03.26"]
[Round "8.25"]
[White "Maras, Marija Mia"]
[Black "Recica, Jona"]
[Result "0-1"]
[WhiteElo "1051"]
[BlackElo "1231"]
[Annotator "NA RC COMBH"]
[PlyCount "76"]
[EventDate "2023.03.15"]
[EventType "swiss"]
[EventCountry "MNE"]
[SourceTitle "playchess.com"]
[Source "ChessBase"]
[SourceQuality "1"]

1. c4 e5 2. Nc3 Nf6 3. e3 Bb4 4. Nge2 O-O 5. g3 c6 6. Bg2 Bxc3 7. Nxc3 d5 8. cxd5 cxd5 9. O-O Nc6 10. Ne2 Re8 11. d3 b6 12. Nc3 Ba6 13. Qa4 Bb7 14. Qb5 a6 15. Qa4 b5 16. Qd1 h6 17. a4 b4 18. Na2 a5 19. f3 Ba6 20. Re1 Rc8 21. Bh3 Rc7 22. b3 Nd7 23. Bb2 Nc5 24. d4 exd4 25. exd4 Rxe1+ 26. Qxe1 Nxb3 27. Rd1 Re7 28. Qf2 Re2 29. Qf1 Nd2 30. Rxd2 Rxd2 31. Qxa6 Rxb2 32. Qxc6 Rxa2 33. Bg2 b3 34. Qb5 b2 35. Bf1 Qe7 36. Qb8+ Kh7 37. Bd3+ g6 38. Bb1 Qe1+ 0-1

[Event "European Women-ch 2023"]
[Site "Petrovac"]
[Date "2023.03.26"]
[Round "8.26"]
[White "Valkova, Angelika"]
[Black "Velikic, Adela"]
[Result "0-1"]
[WhiteElo "2055"]
[BlackElo "2329"]
[Annotator "TA"]
[PlyCount "68"]
[EventDate "2023.03.15"]
[EventType "swiss"]
[EventCountry "MNE"]
[SourceTitle "playchess.com"]
[Source "ChessBase"]
[SourceQuality "1"]

1. d4 Nf6 2. c4 e6 3. Nc3 Bb4 4. Qb3 c5 5. dxc5 Nc6 6. Nf3 Ne4 7. Bd2 Nxd2 8. Nxd2 Bxc5 9. g3 b6 10. Bg2 Bb7 11. O-O O-O 12. Rac1 Rb8 13. Qd1 Be7 14. b3 f5 15. e3 a6 16. Nf3 g5 17. Nd4 Ne5 18. Qe2 Bxg2 19. Kxg2 Bc5 20. Rcd1 Qc7 21. f4 Qb7+ 22. Kg1 gxf4 23. gxf4 Rf6 24. Rf2 Kh8 25. h3 Rg8+ 26. Kh2 Ng4+ 27. hxg4 Rh6+ 28. Kg3 Rxg4+ 29. Qxg4 fxg4 30. Kxg4 Qa8 31. Na4 Rg6+ 32. Kh3 Bxd4 33. exd4 Qf8 34. f5 Qh6# 0-1

[Event "European Women-ch 2023"]
[Site "Petrovac"]
[Date "2023.03.26"]
[Round "8.27"]
[White "Zhapova, Yana"]
[Black "Pogorelskikh, Sofia"]
[Result "1/2-1/2"]
[WhiteElo "2269"]
[BlackElo "2102"]
[Annotator "TA"]
[PlyCount "135"]
[EventDate "2023.03.15"]
[EventType "swiss"]
[EventCountry "MNE"]
[SourceTitle "playchess.com"]
[Source "ChessBase"]
[SourceQuality "1"]

1. e4 c5 2. Nf3 Nc6 3. Bb5 g6 4. O-O Bg7 5. d3 Nf6 6. Bxc6 bxc6 7. h3 O-O 8. e5 Nd5 9. Nbd2 d6 10. Nc4 Nb6 11. Bf4 d5 12. Na5 Na4 13. b4 Qb6 14. a3 Nc3 15. Qe1 cxb4 16. axb4 d4 17. Bd2 Nb5 18. Nb3 Be6 19. Nc5 Qc7 20. Nxe6 fxe6 21. Ng5 Qxe5 22. Nxe6 Rf5 23. g4 Rf3 24. Qxe5 Bxe5 25. Rfe1 Bd6 26. Kg2 Rf7 27. Ra6 Rc8 28. Re4 Rf6 29. Nxd4 Nxd4 30. Rxd4 c5 31. Rc4 Rcf8 32. Be3 cxb4 33. Rxa7 Rb8 34. Ra6 b3 35. cxb3 Rxb3 36. d4 Rf8 37. Bh6 Rfb8 38. Rac6 Kf7 39. Rc8 Ke6 40. Be3 Rxc8 41. Rxc8 Rb8 42. Rc2 h5 43. Kf3 Kd5 44. Ra2 Rf8+ 45. Ke2 hxg4 46. hxg4 Rb8 47. Ra5+ Ke6 48. Kd3 Kf7 49. Ke4 Rb1 50. Ra8 Rb8 51. Ra1 Rh8 52. Rb1 Rh4 53. f3 Rh8 54. Bd2 Rh2 55. Ba5 Re2+ 56. Kd3 Rf2 57. Ke3 Rc2 58. Bb6 g5 59. Rb3 Rc1 60. Ke4 Bf4 61. Ba5 Rc2 62. Rb7 Re2+ 63. Kf5 Re6 64. Bb4 Re2 65. Bc5 Re6 66. Ba7 Re3 67. Bc5 Re2 68. Ba7 1/2-1/2

[Event "European Women-ch 2023"]
[Site "Petrovac"]
[Date "2023.03.26"]
[Round "8.28"]
[White "Dylag, Emilia"]
[Black "Ibrahimova, Sabina"]
[Result "1/2-1/2"]
[WhiteElo "2052"]
[BlackElo "2207"]
[Annotator "TA"]
[PlyCount "109"]
[EventDate "2023.03.15"]
[EventType "swiss"]
[EventCountry "MNE"]
[SourceTitle "playchess.com"]
[Source "ChessBase"]
[SourceQuality "1"]

1. d4 Nf6 2. c4 g6 3. g3 Bg7 4. Bg2 O-O 5. Nc3 d6 6. Nf3 Nc6 7. O-O a6 8. d5 Na5 9. Nd2 c5 10. Qc2 Rb8 11. b3 b5 12. Bb2 bxc4 13. bxc4 Bh6 14. Ncb1 e5 15. e3 Bf5 16. e4 Bd7 17. Bc3 Nh5 18. Na3 f5 19. Rab1 Qc7 20. Rxb8 Rxb8 21. Bh3 Rf8 22. Rb1 Bg5 23. exf5 gxf5 24. Nf3 Bd8 25. Qd2 Ng7 26. Bg2 Nb7 27. Ng5 Na5 28. f4 e4 29. g4 h6 30. Ne6 Nxe6 31. dxe6 Bxe6 32. gxf5 Bxf5 33. Re1 Nc6 34. Bxe4 Bxe4 35. Rxe4 Nd4 36. Bxd4 cxd4 37. Qxd4 Bf6 38. Qd5+ Kh8 39. Re2 Qb6+ 40. Kh1 Qb4 41. Qd3 Rg8 42. h3 Qb7+ 43. Qd5 Qb6 44. c5 dxc5 45. Qe6 Qb7+ 46. Qe4 Qd7 47. Kh2 Qd1 48. Rg2 Rxg2+ 49. Qxg2 Qc1 50. Qa8+ Kg7 51. Qb7+ Kf8 52. Qc8+ Kf7 53. Qd7+ Kg8 54. Qe6+ Kg7 55. Qd7+ 1/2-1/2

[Event "European Women-ch 2023"]
[Site "Petrovac"]
[Date "2023.03.27"]
[Round "9.1"]
[White "Arabidze, Meri"]
[Black "Maltsevskaya, Aleksandra"]
[Result "1/2-1/2"]
[WhiteElo "2433"]
[BlackElo "2388"]
[Annotator "TA"]
[PlyCount "65"]
[EventDate "2023.03.15"]
[EventType "swiss"]
[EventCountry "MNE"]
[SourceTitle "playchess.com"]
[Source "ChessBase"]
[SourceQuality "1"]

1. d4 Nf6 2. Nf3 g6 3. g3 Bg7 4. Bg2 O-O 5. O-O d6 6. b3 a5 7. Bb2 a4 8. c4 c6 9. Nbd2 d5 10. e3 Bf5 11. Qe2 Ne4 12. Nxe4 Bxe4 13. Rfc1 axb3 14. axb3 Rxa1 15. Rxa1 Nd7 16. Bh3 Bxf3 17. Qxf3 e6 18. Qe2 Re8 19. Qc2 dxc4 20. bxc4 e5 21. Rd1 e4 22. d5 f5 23. Bxg7 Kxg7 24. dxc6 bxc6 25. Qb2+ Kf7 26. Qb7 Re7 27. Qxc6 Ne5 28. Rxd8 Nxc6 29. Rd1 Ne5 30. Bf1 Ke6 31. Be2 Rb7 32. Rc1 Rb2 33. Kf1 1/2-1/2

[Event "European Women-ch 2023"]
[Site "Petrovac"]
[Date "2023.03.27"]
[Round "9.1"]
[White "Richterova, Natasa"]
[Black "Dylag, Emilia"]
[Result "1-0"]
[WhiteElo "2190"]
[BlackElo "2052"]
[Annotator "TA"]
[PlyCount "115"]
[EventDate "2023.03.15"]
[EventType "swiss"]
[EventCountry "MNE"]
[SourceTitle "playchess.com"]
[Source "ChessBase"]
[SourceQuality "1"]

1. d4 Nf6 2. c4 e6 3. Nf3 d5 4. Nc3 Bb4 5. Bg5 O-O 6. a3 Be7 7. e3 b6 8. cxd5 exd5 9. Qb3 Be6 10. Be2 c5 11. Rd1 c4 12. Qc2 Na6 13. O-O Re8 14. Ne5 Qc8 15. Bf3 Nc7 16. Nc6 Bf5 17. Nxe7+ Rxe7 18. Qc1 Qe6 19. Bxf6 gxf6 20. Rfe1 Bg4 21. Bxg4 Qxg4 22. e4 dxe4 23. Re3 Kh8 24. d5 Re5 25. Rg3 Qh5 26. Qf4 Qf5 27. Qh6 Rg8 28. d6 Ne6 29. Rxg8+ Kxg8 30. d7 Nd8 31. Qe3 Qe6 32. Qd4 e3 33. f3 f5 34. f4 e2 35. fxe5 exd1=Q+ 36. Nxd1 f6 37. Ne3 fxe5 38. Qxc4 Kf7 39. Qh4 Qxd7 40. Qxh7+ Ke8 41. Qh8+ Kf7 42. Qxe5 Kg6 43. h3 Nc6 44. Qg3+ Kf6 45. h4 Nd4 46. Qg5+ Kf7 47. h5 Qe6 48. Kf2 Qe4 49. h6 f4 50. Qd5+ Qxd5 51. Nxd5 Kg6 52. Nxf4+ Kxh6 53. Ke3 Nc6 54. Ke4 Kg5 55. Ne2 Kg4 56. Kd5 Na5 57. Nd4 a6 58. b4 1-0

[Event "European Women-ch 2023"]
[Site "Petrovac"]
[Date "2023.03.27"]
[Round "9.1"]
[White "Jarocka, Liwia"]
[Black "Narva, Mai"]
[Result "0-1"]
[WhiteElo "2181"]
[BlackElo "2389"]
[Annotator "TA"]
[PlyCount "124"]
[EventDate "2023.03.15"]
[EventType "swiss"]
[EventCountry "MNE"]
[SourceTitle "playchess.com"]
[Source "ChessBase"]
[SourceQuality "1"]

1. e4 c5 2. Nf3 Nc6 3. d4 cxd4 4. Nxd4 Nf6 5. Nc3 e5 6. Ndb5 d6 7. Nd5 Nxd5 8. exd5 Nb8 9. c4 a6 10. Qa4 Nd7 11. Be3 Rb8 12. Nc3 Be7 13. Be2 O-O 14. g4 Bg5 15. Bxg5 Qxg5 16. Qa3 Nf6 17. Qxd6 Bxg4 18. Qb6 Bxe2 19. Nxe2 Qf5 20. Rg1 Kh8 21. Rc1 Ng4 22. h3 Nh2 23. Rg3 h5 24. Ng1 h4 25. Re3 Qg5 26. Ke2 f5 27. Re1 Rbe8 28. Kd1 Qf4 29. Rc3 e4 30. Qe3 Qd6 31. Qg5 f4 32. Qxh4+ Kg8 33. Qg5 Qb6 34. Rc2 e3 35. f3 e2+ 36. Rexe2 Nf1 37. Kc1 Ng3 38. c5 Nxe2+ 39. Nxe2 Qa5 40. Kb1 Qe1+ 41. Nc1 Re5 42. Qg6 Rxd5 43. Re2 Qd1 44. Qe6+ Kh8 45. Qe7 Rc8 46. Rg2 Qd4 47. Rg4 Qe5 48. Qxe5 Rxe5 49. Rxf4 Rexc5 50. Nb3 Rc4 51. Rf7 Rb4 52. Rd7 Rcc4 53. Rd3 Rh4 54. a3 Rbc4 55. Na5 Rc7 56. Rd8+ Kh7 57. Rb8 Rxh3 58. Nxb7 Rxf3 59. Nd6 Rc6 60. Ne4 Re3 61. Nf2 g5 62. b4 Re1+ 0-1

[Event "European Women-ch 2023"]
[Site "Petrovac"]
[Date "2023.03.27"]
[Round "9.2"]
[White "Beydullayeva, Govhar"]
[Black "Hrebenshchykova, Yelyzaveta"]
[Result "1-0"]
[WhiteElo "2388"]
[BlackElo "2289"]
[Annotator "TA"]
[PlyCount "119"]
[EventDate "2023.03.15"]
[EventType "swiss"]
[EventCountry "MNE"]
[SourceTitle "playchess.com"]
[Source "ChessBase"]
[SourceQuality "1"]

1. d4 Nf6 2. c4 e6 3. Nf3 d5 4. Nc3 Bb4 5. Qa4+ Nc6 6. e3 O-O 7. Qc2 Re8 8. Bd2 dxc4 9. Bxc4 Bd6 10. O-O e5 11. Ng5 Rf8 12. Nd5 g6 13. Nxf6+ Qxf6 14. Ne4 Qe7 15. Nxd6 Qxd6 16. d5 Ne7 17. Rfd1 c6 18. dxc6 Nxc6 19. Bc3 Qe7 20. Qb3 Rb8 21. Bd5 Bd7 22. Rac1 Rfd8 23. Be1 Be8 24. Qc4 Kg7 25. f4 f6 26. Bh4 exf4 27. exf4 Qd6 28. Qe2 Ne7 29. Bb3 Qb6+ 30. Bf2 Rxd1+ 31. Qxd1 Qb4 32. Rc4 Qa5 33. Qd6 Qd8 34. Qxd8 Rxd8 35. Rc7 Rd7 36. Rxd7 Bxd7 37. Bxa7 Bc6 38. Bc5 Nf5 39. g3 h5 40. a4 g5 41. Bc2 Nh6 42. Bd4 Nf7 43. h4 gxf4 44. gxf4 Nd6 45. Kf2 Kf7 46. b4 Ke6 47. Ke2 f5 48. b5 Bd5 49. Bd1 Kd7 50. Ke3 Bf7 51. Bc5 Ne4 52. Kd4 Nd2 53. Bb4 Nf1 54. Bf3 Kc7 55. Ke5 Nh2 56. Be2 Ng4+ 57. Kxf5 Be8 58. a5 b6 59. a6 Kb8 60. Ke4 1-0

[Event "European Women-ch 2023"]
[Site "Petrovac"]
[Date "2023.03.27"]
[Round "9.2"]
[White "Sargsyan, Anna M."]
[Black "Khotenashvili, Bela"]
[Result "1/2-1/2"]
[WhiteElo "2371"]
[BlackElo "2491"]
[Annotator "TA"]
[PlyCount "72"]
[EventDate "2023.03.15"]
[EventType "swiss"]
[EventCountry "MNE"]
[SourceTitle "playchess.com"]
[Source "ChessBase"]
[SourceQuality "1"]

1. e4 e5 2. Nf3 Nc6 3. Bc4 Nf6 4. d3 Bc5 5. c3 O-O 6. O-O d5 7. exd5 Nxd5 8. Re1 Bg4 9. h3 Bh5 10. Nbd2 Nb6 11. Bb3 Kh8 12. Ne4 Bd6 13. a4 a5 14. g4 Bg6 15. d4 exd4 16. Nxd4 Re8 17. Nf5 Bf8 18. Bg5 Qxd1 19. Raxd1 Ne5 20. Kg2 Nec4 21. Bc1 Rad8 22. Ng5 h6 23. Rxd8 Rxd8 24. Nf3 Bxf5 25. gxf5 Kg8 26. f6 gxf6 27. Re4 Nd6 28. Rg4+ Kh8 29. Rh4 Nd7 30. Bc2 Re8 31. Nd4 c5 32. Nf5 Re2 33. Ne3 Re1 34. Bd2 Re2 35. Bc1 Re1 36. Bd2 Re2 1/2-1/2

[Event "European Women-ch 2023"]
[Site "Petrovac"]
[Date "2023.03.27"]
[Round "9.2"]
[White "Calzetta Ruiz, Monica"]
[Black "Aydin, Gulenay"]
[Result "1-0"]
[WhiteElo "2185"]
[BlackElo "2039"]
[Annotator "TA"]
[PlyCount "137"]
[EventDate "2023.03.15"]
[EventType "swiss"]
[EventCountry "MNE"]
[SourceTitle "playchess.com"]
[Source "ChessBase"]
[SourceQuality "1"]

1. c4 Nf6 2. Nc3 g6 3. g3 Bg7 4. Bg2 O-O 5. e4 d6 6. Nge2 c5 7. O-O Nc6 8. d3 a6 9. h3 Rb8 10. a4 Ne8 11. Be3 Nd4 12. Rb1 Bd7 13. b4 Nxe2+ 14. Nxe2 cxb4 15. Rxb4 b5 16. axb5 axb5 17. cxb5 Rxb5 18. Rxb5 Bxb5 19. Qb3 Bd7 20. Rc1 Nf6 21. Nd4 Qb8 22. Qxb8 Rxb8 23. Nc6 Re8 24. d4 Bxc6 25. Rxc6 Nd7 26. Rc7 Nf8 27. d5 h6 28. Bf1 Nh7 29. Bb5 Rb8 30. Bd3 Re8 31. Rb7 Bf8 32. Kg2 Nf6 33. Kf3 Ra8 34. Bb5 Ra3 35. Bc6 Rc3 36. Rb8 Kg7 37. Ke2 Rc4 38. f3 Rc2+ 39. Bd2 Ra2 40. g4 g5 41. Kd3 Ra1 42. Bc3 Rh1 43. e5 dxe5 44. Bxe5 Rxh3 45. d6 exd6 46. Bxf6+ Kxf6 47. Rxf8 h5 48. gxh5 Rxh5 49. Bd5 Rh7 50. Ke4 Rh4+ 51. Ke3 Rh7 52. Kf2 Rg7 53. Kg3 Ke7 54. Rh8 Kf6 55. Be4 Ke6 56. Re8+ Kd7 57. Ra8 g4 58. fxg4 Ke7 59. Kf4 Kf6 60. Bf5 Rg5 61. Rd8 Rg7 62. Rxd6+ Ke7 63. Rd7+ Ke8 64. Ra7 Kf8 65. Ra8+ Ke7 66. Ke5 f6+ 67. Kd5 Rg5 68. Ra7+ Kf8 69. Ke4 1-0

[Event "European Women-ch 2023"]
[Site "Petrovac"]
[Date "2023.03.27"]
[Round "9.3"]
[White "Vega Gutierrez, Sabrina"]
[Black "Rudzinska, Michalina"]
[Result "1/2-1/2"]
[WhiteElo "2361"]
[BlackElo "2212"]
[Annotator "TA"]
[PlyCount "111"]
[EventDate "2023.03.15"]
[EventType "swiss"]
[EventCountry "MNE"]
[SourceTitle "playchess.com"]
[Source "ChessBase"]
[SourceQuality "1"]

1. e4 c6 2. d4 d5 3. e5 Bf5 4. h4 h5 5. c4 e6 6. Nc3 dxc4 7. Bxc4 Nd7 8. Nf3 Nb6 9. Be2 Ne7 10. Bg5 Qd7 11. O-O Bg4 12. a4 Nf5 13. a5 Nd5 14. a6 b6 15. Nxd5 Qxd5 16. Rc1 Be7 17. Bxe7 Nxe7 18. Ng5 Bxe2 19. Qxe2 Nf5 20. Nf3 Rc8 21. Rfd1 Rh6 22. g3 Rg6 23. b4 Rg4 24. b5 g5 25. hxg5 h4 26. Ne1 Rxg5 27. Rxc6 Rxc6 28. bxc6 Qxc6 29. Qd2 Rg4 30. Rc1 Qd7 31. Qe2 Qxd4 32. Rc8+ Ke7 33. Qb5 Qd7 34. Qxd7+ Kxd7 35. Ra8 Ra4 36. Rxa7+ Kc6 37. Rxf7 Rxa6 38. g4 Ra1 39. Kf1 Nh6 40. Rg7 Kd5 41. f3 b5 42. Kf2 b4 43. Nd3 h3 44. Nxb4+ Kc4 45. Rc7+ Kxb4 46. Kg3 Rh1 47. Rc6 h2 48. Kg2 Rf1 49. Kxh2 Rxf3 50. g5 Ng4+ 51. Kg2 Nxe5 52. Rxe6 Rf5 53. Kg3 Rxg5+ 54. Kf4 Rh5 55. Rxe5 Rxe5 56. Kxe5 1/2-1/2

[Event "European Women-ch 2023"]
[Site "Petrovac"]
[Date "2023.03.27"]
[Round "9.3"]
[White "Savina, Anastasia"]
[Black "Kiolbasa, Oliwia"]
[Result "0-1"]
[WhiteElo "2345"]
[BlackElo "2406"]
[Annotator "TA"]
[PlyCount "76"]
[EventDate "2023.03.15"]
[EventType "swiss"]
[EventCountry "MNE"]
[SourceTitle "playchess.com"]
[Source "ChessBase"]
[SourceQuality "1"]

1. d4 Nf6 2. Nf3 d5 3. c4 e6 4. Nc3 Nbd7 5. Bg5 Be7 6. e3 h6 7. Bf4 dxc4 8. Bxc4 Nh5 9. Be5 a6 10. Qc2 Nhf6 11. O-O-O b5 12. Bb3 c6 13. g4 Qb6 14. g5 hxg5 15. Nxg5 Nxe5 16. dxe5 Nd5 17. Rhg1 Rh6 18. Nce4 Bd7 19. Nd6+ Bxd6 20. exd6 a5 21. Kb1 Nf6 22. a4 bxa4 23. Bxa4 Rb8 24. h3 Kf8 25. e4 c5 26. Bxd7 Nxd7 27. Qc3 e5 28. f4 Rxd6 29. fxe5 Rd4 30. Rxd4 cxd4 31. Qa3+ Kg8 32. Nf3 Nf8 33. Rd1 Ne6 34. Rd2 Qc6 35. Nxd4 Qxe4+ 36. Nc2 Qxe5 37. Na1 Qe1+ 38. Kc2 Rc8+ 0-1

[Event "European Women-ch 2023"]
[Site "Petrovac"]
[Date "2023.03.27"]
[Round "9.3"]
[White "Mayrhuber, Nikola"]
[Black "Ismayil, Malak"]
[Result "1-0"]
[WhiteElo "2162"]
[BlackElo "2011"]
[Annotator "TA"]
[PlyCount "67"]
[EventDate "2023.03.15"]
[EventType "swiss"]
[EventCountry "MNE"]
[SourceTitle "playchess.com"]
[Source "ChessBase"]
[SourceQuality "1"]

1. d4 d5 2. c4 e6 3. Nc3 Nf6 4. cxd5 exd5 5. Bg5 c6 6. e3 Bd6 7. Bd3 O-O 8. Nge2 Re8 9. Qd2 a5 10. f3 b5 11. e4 b4 12. Na4 dxe4 13. fxe4 Be7 14. e5 Nfd7 15. Be3 Ba6 16. Be4 Bb5 17. Qc2 h6 18. O-O Bg5 19. Bxg5 Qxg5 20. Rf3 Na6 21. Ng3 g6 22. Rd1 Nf8 23. Nb6 Rad8 24. Bxc6 Bxc6 25. Qxc6 Rxe5 26. Qb7 Nb8 27. Qxf7+ Kh8 28. Rdf1 Ree8 29. Ne4 Qe7 30. Qxe7 Rxe7 31. Rxf8+ Rxf8 32. Rxf8+ Kg7 33. Rxb8 Rxe4 34. d5 1-0

[Event "European Women-ch 2023"]
[Site "Petrovac"]
[Date "2023.03.27"]
[Round "9.4"]
[White "Guichard, Pauline"]
[Black "Daulyte-Cornette, Deimante"]
[Result "1-0"]
[WhiteElo "2379"]
[BlackElo "2344"]
[Annotator "TA"]
[PlyCount "89"]
[EventDate "2023.03.15"]
[EventType "swiss"]
[EventCountry "MNE"]
[SourceTitle "playchess.com"]
[Source "ChessBase"]
[SourceQuality "1"]

1. d4 d5 2. c4 e6 3. Nf3 Nf6 4. Nc3 Bb4 5. Qa4+ Nc6 6. e3 O-O 7. Bd2 Re8 8. a3 Bf8 9. Be2 a6 10. O-O h6 11. Rad1 Bd7 12. Qc2 Bd6 13. c5 Bf8 14. Ne5 Nxe5 15. dxe5 Ne4 16. Nxe4 dxe4 17. Ba5 Qc8 18. Qxe4 Bxc5 19. Bd3 g6 20. Rc1 Bc6 21. Qf4 Qd7 22. Rfd1 Qd5 23. Qg3 b6 24. Bb1 Qb3 25. Bc2 Qa2 26. Bxg6 fxg6 27. Qxg6+ Kh8 28. Qxh6+ Kg8 29. Qg5+ Kf8 30. Qf4+ Kg8 31. Qg4+ Kf8 32. Bd2 Ke7 33. Bb4 Rg8 34. Qh4+ Ke8 35. Qh5+ Kf8 36. Qh6+ Rg7 37. Rd4 Kg8 38. Rh4 Rxg2+ 39. Kf1 Rxf2+ 40. Ke1 Re2+ 41. Kxe2 Qxb2+ 42. Bd2 Bb5+ 43. Ke1 Qxe5 44. Qh7+ Kf8 45. Qh8+ 1-0

[Event "European Women-ch 2023"]
[Site "Petrovac"]
[Date "2023.03.27"]
[Round "9.4"]
[White "Gaponenko, Inna"]
[Black "Schulze, Lara"]
[Result "1-0"]
[WhiteElo "2349"]
[BlackElo "2277"]
[Annotator "TA"]
[PlyCount "115"]
[EventDate "2023.03.15"]
[EventType "swiss"]
[EventCountry "MNE"]
[SourceTitle "playchess.com"]
[Source "ChessBase"]
[SourceQuality "1"]

1. e4 e5 2. Nf3 Nc6 3. Bb5 a6 4. Ba4 Nf6 5. O-O Bc5 6. c3 b5 7. Bb3 d6 8. d4 Bb6 9. Be3 O-O 10. Nbd2 h6 11. h3 Re8 12. Re1 exd4 13. cxd4 Nb4 14. Qb1 c5 15. a3 Nc6 16. d5 Nd4 17. Bd1 Nxf3+ 18. Bxf3 c4 19. b3 cxb3 20. Nxb3 Nd7 21. a4 Ne5 22. Bd1 bxa4 23. Nd4 Nc4 24. Nc6 Qc7 25. Bxb6 Qxb6 26. Bxa4 Bd7 27. Qc2 Ne5 28. Reb1 Qc7 29. Nxe5 Qxc2 30. Bxc2 dxe5 31. Bd3 a5 32. Rb7 Red8 33. Bc4 Kf8 34. f3 Ke8 35. Bb5 a4 36. Rxd7 Rxd7 37. Rxa4 Rb8 38. Bxd7+ Kxd7 39. Ra7+ Ke8 40. h4 Rb2 41. h5 Rd2 42. Kh2 Rb2 43. Kh3 Rf2 44. Rc7 Kf8 45. d6 Ke8 46. Re7+ Kf8 47. Rxe5 Rd2 48. Rd5 Rxd5 49. exd5 Ke8 50. Kg4 Kd7 51. Kf5 Kxd6 52. Ke4 Kd7 53. Ke5 Ke7 54. g4 Kd7 55. f4 Ke7 56. g5 Kd7 57. gxh6 gxh6 58. Ke4 1-0

[Event "European Women-ch 2023"]
[Site "Petrovac"]
[Date "2023.03.27"]
[Round "9.4"]
[White "Spalir, Monika"]
[Black "Shuqja, Klean"]
[Result "1/2-1/2"]
[WhiteElo "2125"]
[BlackElo "1884"]
[Annotator "TA"]
[PlyCount "81"]
[EventDate "2023.03.15"]
[EventType "swiss"]
[EventCountry "MNE"]
[SourceTitle "playchess.com"]
[Source "ChessBase"]
[SourceQuality "1"]

1. e4 d5 2. exd5 Qxd5 3. Nc3 Qd8 4. d4 Nf6 5. Nf3 Bg4 6. h3 Bxf3 7. Qxf3 c6 8. Be3 e6 9. Bd3 Qa5 10. O-O Be7 11. a3 Qc7 12. Rfe1 O-O 13. Bf4 Bd6 14. Bg5 Nbd7 15. Ne4 Nxe4 16. Qxe4 g6 17. h4 Rfe8 18. h5 Be7 19. Bxe7 Rxe7 20. Qh4 Ree8 21. Re3 Qd8 22. Qg3 Qf6 23. Rd1 Rac8 24. Rf3 Qg7 25. Qf4 e5 26. Qh4 e4 27. Bxe4 g5 28. Bxh7+ Kxh7 29. Qg4 Rcd8 30. Rf1 Re6 31. Qf5+ Kh6 32. Qa5 b6 33. Qxa7 f6 34. Qa6 Rde8 35. Qd3 Qh7 36. Qc3 Qe4 37. Re3 Qf5 38. Rf3 Qe4 39. Re3 Qh7 40. Rd3 Qe4 41. Re3 1/2-1/2